Aging of the brain : celluar and molecular aspects of brain aging and Alzheimer’s disease

Gardado en:
Detalles Bibliográficos
Formato: Libro
Idioma:Undetermined
Publicado: Tokyo Japan Scientific Societies Press 1990
Những chủ đề:
Các nhãn: Engadir etiqueta
Sen Etiquetas, Sexa o primeiro en etiquetar este rexistro!
Thư viện lưu trữ: Trung tâm Học liệu Trường Đại học Cần Thơ
LEADER 00630nam a2200193Ia 4500
001 CTU_127357
008 210402s9999 xx 000 0 und d
082 |a 618.97 
082 |b A267 
245 0 |a Aging of the brain : 
245 0 |b celluar and molecular aspects of brain aging and Alzheimer’s disease 
245 0 |c edited by Toshiharu Nagatsu and Osamu Hayaishi 
260 |a Tokyo 
260 |b Japan Scientific Societies Press 
260 |c 1990 
650 |a Alzheimer’s disease,Brain 
650 |x Pathogenesis,Aging,Molecular aspects 
904 |i Nguyên 
980 |a Trung tâm Học liệu Trường Đại học Cần Thơ